New architecture London / (Record no. 12195)

000 -LEADER
fixed length control field 00693cam a2200205 i 4500
003 - CONTROL NUMBER IDENTIFIER
control field OSt
005 - DATE AND TIME OF LATEST TRANSACTION
control field 20231223134228.0
008 - FIXED-LENGTH DATA ELEMENTS--GENERAL INFORMATION
fixed length control field 160328s2017 gw a 000 0 eng
020 ## - INTERNATIONAL STANDARD BOOK NUMBER
International Standard Book Number 9783791382784
043 ## - GEOGRAPHIC AREA CODE
Geographic area code e-uk-en
082 00 - DEWEY DECIMAL CLASSIFICATION NUMBER
Classification number 720.9421/0905
Edition number 23
100 1# - MAIN ENTRY--PERSONAL NAME
Personal name Sanvito, Agnese,
Relator term photographer.
245 10 - TITLE STATEMENT
Title New architecture London /
Statement of responsibility, etc Agnese Sanvito, Richard Schulman.
300 ## - PHYSICAL DESCRIPTION
Extent 174 pages :
Other physical details chiefly color illustrations ;
Dimensions 29 cm
650 #0 - SUBJECT ADDED ENTRY--TOPICAL TERM
Topical term or geographic name as entry element Architecture
Geographic subdivision England
-- London
General subdivision History
Chronological subdivision 21st century.
651 #0 - SUBJECT ADDED ENTRY--GEOGRAPHIC NAME
Geographic name London (England)
General subdivision Buildings, structures, etc.
700 1# - ADDED ENTRY--PERSONAL NAME
Personal name Schulman, Richard,
Relator term photographer.
700 1# - ADDED ENTRY--PERSONAL NAME
Personal name Heathcote, Edwin,
Relator term writer of introduction.
942 ## - ADDED ENTRY ELEMENTS (KOHA)
Source of classification or shelving scheme
Holdings
Withdrawn status Lost status Source of classification or shelving scheme Damaged status Koha normalized classification for sorting Not for loan Permanent location Current location Date acquired Source of acquisition Cost, normal purchase price Full call number Barcode Date last seen Cost, replacement price Price effective from Koha item type
        720_942000000000000_AGN   BMS College of Architecture, Design and Planning BMS College of Architecture, Design and Planning 2023-12-23 10 2693.25 720.942 AGN AR-UG3444 2023-12-23 3847.50 2023-12-23 UG Books
Copyright © 2025, The Librarian, Library and Information Centre, BMSCA D&P, Bengaluru. All Rights Reserved
web counter

Powered by Koha